000
00233nam a22001097a 4500
082
_a
909 CHI'M
100
_a
CHILDE, V. GORDON
_9
57674
245
_a
MAN MAKES HIMSELF
260
_a
192P
_b
MENTOR
_c
1961
300
_a
192P
942
_c
BK
999
_c
567948
_d
567948